000 00252nam a22001217a 4500
082 _a823
_bRAG/K
100 _aVAMSHA, RAGHU
245 _aKALIDAS
260 _aDELHI
_bS.CHAND & CO
_c1986
300 _a114
650 _aENGLISH STORY
_zINDIA
942 _cBK
999 _c7267
_d7267